OECD Guidelines on Insurer Governance

Saved in:
Bibliographic Details
Format: Book
Language:English
Published: Paris OECD 2017
Edition:2017 Edition
Subjects:
Tags: Add Tag
No Tags, Be the first to tag this record!

MARC

LEADER 00000nam a2200000 4500
001 0241607
005 20240314123321.6
020 |a 978-92-64-19007-8 
041 0 |a eng 
044 |a FR 
245 1 0 |a OECD Guidelines on Insurer Governance 
250 |a 2017 Edition 
264 1 |a Paris  |b OECD  |c 2017 
300 |a 86 s. 
610 2 0 |a poistenie 
610 2 0 |a poisťovníctvo